| 000 | 00505nam a2200181Ia 4500 | ||
|---|---|---|---|
| 008 | 151213s9999 xx 000 0 und d | ||
| 020 | _a0-324-01362-0 | ||
| 082 |
_a658.45 _b658.45 |
||
| 100 | _aMary Ellen Guffey | ||
| 245 |
_aEssential of Business Communication _cMary Ellen Guffey |
||
| 250 | _a1st | ||
| 260 |
_aAustralia _bMary Ellen Guffey South Western College Publishing _c2001 |
||
| 300 | _a9389 p. | ||
| 650 | _aBusiness | ||
| 650 | _aBusiness | ||
| 700 | _aMary Ellen Guffey | ||
| 999 |
_c4766 _d4766 |
||